000 00382nam a2200157 4500
008 161124s1997||||xo d
100 1 _aHorecký Konštantín
_964
245 1 0 _aZlocin kráca Európou
250 _a1. vydanie
260 _bKnižné centrum
_aŽilina
_c1997
300 _a181 s.
020 _a80-88723-76-0
_c0
041 1 _aslo
044 _axo
_cSK
958 _aA
999 _c21179
_d21179